Štúdium vlastností zvarových spojov superduplexných ocelí vyhotovených pevnolátkovým laserom
Salvato in:
| Autore principale: | |
|---|---|
| Altri autori: | |
| Natura: | Manoscritto Libro |
| Lingua: | slovacco |
| Pubblicazione: |
2017
|
| Soggetti: | |
| Accesso online: | http://is.stuba.sk/zp/portal_zp.pl?podrobnosti=132572 |
| Tags: |
Nessun Tag, puoi essere il primo ad aggiungerne!!
|
MARC
| LEADER | 00000ntm a22000003a 4500 | ||
|---|---|---|---|
| 001 | stuzp57061 | ||
| 003 | SK-STU | ||
| 005 | 20180910085805.2 | ||
| 007 | ta | ||
| 008 | 150427s2015----xo-----f-mn---000-0-slo-d | ||
| 040 | |a STU |b slo | ||
| 041 | 0 | |a slo | |
| 044 | |a xo | ||
| 100 | 1 | |a Ertel, Jozef, |d 1988- |u 063000 |4 aut |9 100 |U MTF Materiálovotechnologická fakulta |T MTF Ústav výrobných technológií |X 57260 |U M3000 |Y 83 |7 A000057260 | |
| 242 | 0 | 1 | |a Properties study of super-duplex stainless steel weld joints produced by solid state laser |y eng |
| 245 | 1 | 0 | |a Štúdium vlastností zvarových spojov superduplexných ocelí vyhotovených pevnolátkovým laserom |
| 260 | |c 2017 | ||
| 300 | |a 150 | ||
| 650 | 4 | |a fázový pomer |2 slo | |
| 650 | 4 | |a superduplexná oceľ |2 slo | |
| 650 | 4 | |a zváranie laserovým lúčom |2 slo | |
| 650 | 4 | |a phase ratio |2 eng | |
| 650 | 4 | |a super-duplex steel |2 eng | |
| 650 | 4 | |a laser beam welding |2 eng | |
| 700 | 1 | |a Marônek, Milan, |d 1961- |u 063700 |k Z1 |4 ths |U MTF Ústav výrobných technológií |T MTF Katedra zvárania a zlievarenstva |X 290 |U M3700 |Y 842 |7 A000000290 | |
| 856 | 4 | |u http://is.stuba.sk/zp/portal_zp.pl?podrobnosti=132572 | |
| 996 | |b . |c M* DzP-610 |l MMSKP |s P |a 0 |w stuzp57061_0001 | ||